| 000 | 01605nam a2200229Ia 4500 | ||
|---|---|---|---|
| 008 | 260220t1993||||xx |||||||||||||| ||spa|| | ||
| 040 |
_aPY-SlUNAC _bspa _erda |
||
| 041 | _aspa | ||
| 082 |
_a613.043 3 _bSal38s |
||
| 245 | 0 | _aSalud integral del adolescente | |
| 264 |
_aAsunción : _bCEPEP, _c℗1993. |
||
| 300 | _a1 volumen | ||
| 520 | _aEl libro "Salud integral del adolescente" aborda de manera integral las diversas dimensiones de la salud en la etapa de la adolescencia, un periodo crítico en el desarrollo humano. Publicado por CEPEP en Asunción en 1993, la obra se centra en factores biológicos, psicológicos y sociales que influyen en el bienestar de los jóvenes. Se analizan temas como la salud física, la salud mental y las relaciones interpersonales, enfatizando la importancia de una visión holística para abordar los desafíos que enfrentan los adolescentes. Además, el texto proporciona herramientas y estrategias para la promoción de hábitos saludables y la prevención de problemas comunes en esta etapa, como el abuso de sustancias y trastornos alimentarios. A través de un enfoque multidisciplinario, se busca empoderar tanto a los adolescentes como a los profesionales de la salud, fomentando un ambiente de apoyo que facilite el desarrollo saludable y equilibrado de los jóvenes en su transición hacia la adultez. | ||
| 653 | _aAdolescentes | ||
| 653 | _aBienestar social | ||
| 653 | _aSalud | ||
| 942 |
_b2026/02/17 _cBK |
||
| 999 |
_c8443 _d8443 |
||